00321 a2200121 4500001000700000020000600007040001100013100002000024240007200044245006700116300000700183362000900190184450 a  cMagnum aAquino, Eduardo10aXará, o doidão que começou na maconha e terminou no pólpor10aXará, o doidão que começou na maconha e terminou no pó a960 a1999